[Event "HK-chT 1920 Master"]
[Site "Denmark"]
[Date "2020.03.01"]
[Round "6"]
[White "Krogh, Peter Ove"]
[Black "Danielsen, Laurits"]
[Result "1-0"]
[WhiteElo "1816"]
[BlackElo "1280"]
[PlyCount "51"]
[EventDate "2019.10.27"]
[EventType "team-tourn"]
[EventRounds "7"]
[EventCountry "DEN"]
[SourceTitle "EXT 2025"]
[Source "ChessBase"]
[SourceDate "2024.10.14"]
[SourceVersion "1"]
[SourceVersionDate "2024.10.14"]
[SourceQuality "1"]
[WhiteTeam "Koge III"]
[BlackTeam "Dianalund"]
[WhiteTeamCountry "DEN"]
[BlackTeamCountry "DEN"]

1. c4 e6 2. Nc3 Be7 3. d4 Nf6 4. e4 Bb4 5. Bd3 d5 6. e5 Ne4 7. Bxe4 Bxc3+ 8. bxc3 dxe4 9. Qg4 c6 10. Qxg7 Rf8 11. Ba3 Nd7 12. Bxf8 Nxf8 13. Qg4 Qa5 14. Ne2 Bd7 15. 0-0 0-0-0 16. Qxe4 c5 17. d5 exd5 18. cxd5 Qa6 19. c4 Ng6 20. Rfc1 Re8 21. Qe3 Rxe5 22. Qxc5+ Kb8 23. Nd4 Nf4 24. Qf8+ Be8 25. Re1 Qg6 26. g3 1-0

[Event "Lovsprings op 08th E"]
[Site "Ringsted"]
[Date "1996.03.15"]
[Round "2"]
[White "Jorgensen, Per"]
[Black "Danielsen, Laurits"]
[Result "0-1"]
[WhiteElo "1019"]
[BlackElo "1191"]
[PlyCount "84"]
[EventDate "1996.03.08"]
[EventType "swiss"]
[EventRounds "7"]
[EventCountry "DEN"]
[SourceTitle "EXT 2023"]
[Source "ChessBase"]
[SourceDate "2022.10.05"]
[SourceVersion "1"]
[SourceVersionDate "2022.10.05"]
[SourceQuality "1"]

1. e4 e5 2. Nf3 d6 3. h3 Nc6 4. a3 Nf6 5. Nc3 Be6 6. d3 d5 7. Qe2 d4 8. Nd1 Bd6 9. c3 0-0 10. Ng5 Bb3 11. c4 h6 12. Nf3 Nh5 13. g3 Ne7 14. Nh4 Nf6 15. Bg2 Nh7 16. 0-0 c5 17. Qg4 Qc8 18. Qe2 Rb8 19. Kh2 Ba4 20. Bf3 Bd7 21. g4 g5 22. Ng2 b5 23. h4 f6 24. h5 bxc4 25. dxc4 Be6 26. Qd3 Bxg4 27. Bxg4 Qxg4 28. Qh3 Qxe4 29. Qe6+ Rf7 30. Qxd6 Rc8 31. f3 Qc6 32. Qxc6 Rxc6 33. Nf2 f5 34. Nd3 Rc8 35. Nxe5 Rf6 36. Rg1 Re6 37. f4 g4 38. Kg3 Nf6 39. Nh4 Nxh5+ 40. Kf2 Rb8 41. Bd2 Rxb2 42. Ke2 Nxf4+ 0-1

[Event "Lovsprings op 07th D"]
[Site "Ringsted"]
[Date "1995.03.24"]
[Round "3"]
[White "Andersen, Kim"]
[Black "Danielsen, Laurits"]
[Result "1-0"]
[WhiteElo "1331"]
[BlackElo "1211"]
[PlyCount "91"]
[EventDate "1995.03.10"]
[EventType "swiss"]
[EventRounds "7"]
[EventCountry "DEN"]
[SourceTitle "EXT 2023"]
[Source "ChessBase"]
[SourceDate "2022.10.05"]
[SourceVersion "1"]
[SourceVersionDate "2022.10.05"]
[SourceQuality "1"]

1. e4 c5 2. Nf3 Nc6 3. d4 d5 4. exd5 Qxd5 5. Nc3 Qd8 6. Bb5 a6 7. Bxc6+ bxc6 8. dxc5 Qxd1+ 9. Nxd1 e6 10. Be3 Nf6 11. 0-0 Ne4 12. b4 a5 13. c3 axb4 14. cxb4 Be7 15. Ne5 Bf6 16. Bd4 Bb7 17. Ne3 Bxe5 18. Bxe5 0-0 19. Rfd1 f6 20. Bb2 Rfd8 21. Rxd8+ Rxd8 22. Rd1 Rd2 23. Rxd2 Nxd2 24. f3 Ba6 25. Kf2 f5 26. Ke1 Nc4 27. Nxc4 Bxc4 28. a3 g6 29. f4 Kf8 30. Kd2 Ke8 31. Kc3 Be2 32. a4 Kd7 33. Kd4 Bf1 34. g3 h6 35. Bc3 g5 36. Ke5 Ke7 37. b5 cxb5 38. a5 Bg2 39. Bb4 Bc6 40. fxg5 hxg5 41. h4 gxh4 42. gxh4 Kf7 43. Bd2 Ke7 44. h5 Be8 45. h6 Bg6 46. a6 1-0

[Event "Lovsprings op 06th F"]
[Site "Ringsted"]
[Date "1994.05.01"]
[Round "5"]
[White "Danielsen, Laurits"]
[Black "Nielsen, Poul"]
[Result "1-0"]
[WhiteElo "1172"]
[BlackElo "1099"]
[PlyCount "147"]
[EventDate "1994.03.27"]
[EventType "swiss"]
[EventRounds "7"]
[EventCountry "DEN"]
[SourceTitle "EXT 2023"]
[Source "ChessBase"]
[SourceDate "2022.10.05"]
[SourceVersion "1"]
[SourceVersionDate "2022.10.05"]
[SourceQuality "1"]

1. e4 e5 2. Nf3 d6 3. Nc3 Bd7 4. Bc4 f6 5. d4 Ne7 6. d5 c6 7. b4 b5 8. Bb3 Na6 9. a3 Qc7 10. dxc6 Bxc6 11. Be3 Rd8 12. Nd5 Qb7 13. 0-0 Ng6 14. Qe2 Nc7 15. Nxc7+ Qxc7 16. Bd5 a6 17. Rfd1 Bxd5 18. exd5 Rc8 19. Rac1 Be7 20. c4 0-0 21. cxb5 Qd7 22. bxa6 Rxc1 23. Rxc1 Qa4 24. Qd3 Ra8 25. a7 Nf4 26. Bxf4 exf4 27. Nd4 Rxa7 28. Rc3 Ra8 29. Rb3 Qd7 30. Nc6 g5 31. Qe4 Re8 32. b5 Bf8 33. Qb4 Qf5 34. Qd2 Qe4 35. Kf1 Qc4+ 36. Rd3 Qxb5 37. Qd1 Ra8 38. Qb3 Qa6 39. g4 Kg7 40. Kg2 Kg6 41. Qc2 Kf7 42. Rh3 Bg7 43. Qe4 Re8 44. Qxh7 Rh8 45. Qe4 Rxh3 46. Qe6+ Kg6 47. Ne7+ Kh7 48. Qf5+ Kh8 49. Kxh3 Qxa3+ 50. Kg2 Qa7 51. Qc8+ Kh7 52. Qg8+ Kh6 53. Nf5+ Kg6 54. Nxd6 Qd7 55. Qe8+ Qxe8 56. Nxe8 Kf7 57. Nxg7 Kxg7 58. Kf3 Kf7 59. Ke4 Ke7 60. Kf5 f3 61. Ke4 Kd6 62. Kxf3 Kxd5 63. Ke3 Ke5 64. h3 f5 65. f3 f4+ 66. Kd3 Kd5 67. Kc3 Kc5 68. Kd3 Kd5 69. Ke2 Kd4 70. Kf2 Kd3 71. h4 gxh4 72. g5 h3 73. g6 h2 74. Kg2 1-0

[Event "Lovsprings op 06th F"]
[Site "Ringsted"]
[Date "1994.04.03"]
[Round "2"]
[White "Danielsen, Laurits"]
[Black "Madsen, Martin"]
[Result "1-0"]
[WhiteElo "1172"]
[BlackElo "1046"]
[PlyCount "103"]
[EventDate "1994.03.27"]
[EventType "swiss"]
[EventRounds "7"]
[EventCountry "DEN"]
[SourceTitle "EXT 2023"]
[Source "ChessBase"]
[SourceDate "2022.10.05"]
[SourceVersion "1"]
[SourceVersionDate "2022.10.05"]
[SourceQuality "1"]

1. c4 e5 2. Nc3 Nc6 3. Nf3 Nf6 4. d4 exd4 5. Nxd4 Nxd4 6. Qxd4 d6 7. Bg5 Be7 8. e3 h6 9. Bxf6 Bxf6 10. Qe4+ Qe7 11. Qc2 Be6 12. Bd3 Bxc3+ 13. Qxc3 0-0 14. b3 c6 15. 0-0 d5 16. Rfe1 Qg5 17. Bf1 Rfe8 18. a4 Rad8 19. c5 Bh3 20. e4 Be6 21. Rad1 dxe4 22. Rxd8 Rxd8 23. Rxe4 Rd1 24. b4 Bd5 25. Re8+ Kh7 26. Qc2+ g6 27. Qxd1 h5 28. Qd4 f6 29. Re7+ Kh6 30. Qe3 Qxe3 31. fxe3 b6 32. Rxa7 bxc5 33. bxc5 g5 34. g3 f5 35. Bg2 Bxg2 36. Kxg2 g4 37. Rc7 Kg5 38. a5 h4 39. gxh4+ Kxh4 40. a6 Kg5 41. a7 f4 42. exf4+ Kxf4 43. a8Q Ke4 44. Qxc6+ Kd4 45. Qa4+ Kc3 46. Rd7 g3 47. Qd4+ Kb3 48. Qd3+ Kb4 49. Qd4+ Kb3 50. Rb7+ Kc2 51. Rb2+ Kc1 52. Qd2# 1-0